000 00282nam a22001337a 4500
020 _a0-7214-61-4
082 _a823
_bLEW/K
100 _aLEWS RALPHA BRENDA
245 _aKINGA AND QUEENS
260 _aENGLAND
_bLADYBIRD
300 _a51
650 _aENGLISH STORY
_zUK
942 _cBK
999 _c1842
_d1842